000 01188cam a22003133a 4500
005 20140903175011.0
008 021007s2001 ag frn 001 0 spa d
020 _a100140324
020 _a9789871004010
040 _aCo-BoUCM
_bspa
_cJavier Garzón
_dDiana Londoño
041 1 _aspa
_hita
080 0 4 _a174.9097
100 1 _aBettetini, Gianfranco
_955406
245 1 3 _aLo que queda de los medios
_bideas para una ética de la comunicación
_cGianfranco Bettetini y Armando Fumagalli ; traducción Ana Zagari y Valeria Durante
260 _aBuenos Aires (Argentina)
_bLa Crujía
_c2001
300 _a319 páginas
490 0 _aSerie categorías; colección inclusiones
504 _aIncluye referencias bibliográficas e índices
650 7 _aÉtica periodística
_915255
650 7 _aÉtica profesional
_915257
650 7 _aPeriodistas
_921366
690 _942812
_aÉtica
700 1 _aDurante, Valería
_955410
_etraductor
700 1 _aFumagalli, Armando
_955408
700 1 _aZagari, Ana
_955409
_etraductor
765 0 _tQuel che resta dei media.
830 0 _aCategorías.
_pInclusiones.
_955411
942 _a1
_cLIBRO
_e1
_mB565q
_2DEWEY
_h174.9097
999 _c183624
_d183624